[Event "21.Wörishofen-Seniorenen op"]
[Site "Bad Wörishofen (03.03.-11.03)"]
[Date "2005.03.03"]
[Round "1.51"]
[White "Erdmann, Wolfgang"]
[Black "Neumann, Erwin"]
[Result "1/2-1/2"]
[WhiteElo "1533"]
[BlackElo "1769"]
[PlyCount "29"]
[EventDate "2005.03.??"]
[Source "Chessorg"]
[SourceDate "2005.12.10"]

1. d4 Nf6 2. Nf3 e6 3. e3 b6 4. Be2 Bb7 5. O-O Be7 6. b3 O-O 7. Bb2 d5 8. c4
Nbd7 9. Nc3 c5 10. cxd5 exd5 11. Rc1 a6 12. Bd3 Ne4 13. Ne2 Ndf6 14. Qc2 Rc8
15. Qb1 1/2-1/2

[Event "21.Wörishofen-Seniorenen op"]
[Site "Bad Wörishofen (03.03.-11.03)"]
[Date "2005.03.03"]
[Round "1.52"]
[White "Mantzouneas, Nikolaos"]
[Black "Sieghardt, Walter"]
[Result "1-0"]
[WhiteElo "1873"]
[BlackElo "1513"]
[PlyCount "113"]
[EventDate "2005.03.??"]
[Source "Chessorg"]
[SourceDate "2005.12.10"]

1. d4 d5 2. c4 e6 3. Nf3 b6 4. cxd5 exd5 5. Nc3 Bb7 6. Bf4 c6 7. e3 Nf6 8. Bd3
Be7 9. Qc2 Nbd7 10. Ne5 h6 11. h4 Nxe5 12. Bxe5 O-O 13. Qe2 Bc8 14. Bc2 Ne4 15.
Nxe4 dxe4 16. Bxe4 Bb4+ 17. Kf1 a5 18. Bxc6 Ra7 19. Kg1 Be6 20. a3 Be7 21. Bg3
Bd6 22. Bxd6 Qxd6 23. Qf3 h5 24. d5 Bg4 25. Qf4 Qxf4 26. exf4 Rc7 27. Ba4 Rc4
28. Bb3 Rxf4 29. f3 Bd7 30. Kf2 a4 31. Ba2 Re8 32. g3 Rd4 33. Rad1 Rxd1 34.
Rxd1 Bb5 35. Rd2 Kf8 36. Bb1 Bc4 37. Be4 g6 38. d6 Rd8 39. Bc6 Be6 40. Bxa4 Bd7
41. Bc2 f5 42. Bb3 Kg7 43. Ke3 Kf6 44. Kf4 Bc6 45. Ba2 Rd7 46. Bc4 b5 47. Bb3
Bb7 48. a4 Bc6 49. a5 Ra7 50. Re2 Rd7 51. Re6+ Kg7 52. Kg5 Bxf3 53. Rxg6+ Kh7
54. Be6 Rd8 55. a6 Kh8 56. d7 Bc6 57. a7 1-0

[Event "21.Wörishofen-Seniorenen op"]
[Site "Bad Wörishofen (03.03.-11.03)"]
[Date "2005.03.03"]
[Round "1.53"]
[White "Hennige, Anneliese"]
[Black "Moeckel, Edgar,Dr."]
[Result "0-1"]
[WhiteElo "1034"]
[BlackElo "1826"]
[PlyCount "88"]
[EventDate "2005.03.??"]
[Source "Chessorg"]
[SourceDate "2005.12.10"]

1. e4 c6 2. Nf3 d5 3. d3 Bg4 4. Qe2 e6 5. e5 c5 6. Nbd2 Nc6 7. Qe3 Nge7 8. h3
d4 9. Qf4 Bf5 10. Be2 Nd5 11. Qg3 Ncb4 12. Bd1 Bg6 13. O-O Be7 14. Ne4 Nc6 15.
Nfg5 Qc7 16. f4 Bxg5 17. Nxg5 O-O-O 18. Bg4 Rde8 19. h4 h6 20. Ne4 Bxe4 21.
dxe4 Nde7 22. Bh3 Rhg8 23. c3 g6 24. c4 Rd8 25. a3 Kb8 26. Qb3 Ka8 27. Bd2 g5
28. fxg5 Nxe5 29. gxh6 N7g6 30. Bg5 Rdf8 31. Rf2 Qc6 32. Re1 Qa6 33. Rc1 Nd7
34. Qb5 Qxb5 35. cxb5 b6 36. a4 Kb8 37. h5 Nh8 38. Bf4+ Kc8 39. Rcf1 Kd8 40. h7
Rg7 41. Bd6 Re8 42. Bf4 Rxh7 43. Bg5+ Kc8 44. Bg4 Rg8 0-1

[Event "21.Wörishofen-Seniorenen op"]
[Site "Bad Wörishofen (03.03.-11.03)"]
[Date "2005.03.03"]
[Round "1.54"]
[White "Tochtermann, Georg,Dr."]
[Black "Weibrecht, Carl"]
[Result "1-0"]
[WhiteElo "1789"]
[BlackElo "1471"]
[PlyCount "70"]
[EventDate "2005.03.??"]
[Source "Chessorg"]
[SourceDate "2005.12.10"]

1. e4 c5 2. c4 g6 3. Nc3 a6 4. g3 Bg7 5. Nge2 e6 6. Bg2 Ne7 7. O-O O-O 8. d3
Nbc6 9. Be3 d6 10. Qd2 Ne5 11. h3 f5 12. b3 N7c6 13. Rad1 Qf6 14. Bg5 Qf7 15.
Bh6 Rb8 16. Bxg7 Qxg7 17. d4 cxd4 18. Nxd4 fxe4 19. Nxc6 bxc6 20. Bxe4 d5 21.
Bg2 dxc4 22. f4 Nd3 23. bxc4 Rd8 24. Kh2 Rb2 25. Qxb2 Nxb2 26. Rxd8+ Kf7 27.
Ne4 Ke7 28. Rxc8 Qd4 29. Rxc6 Nxc4 30. Rb1 Na5 31. Rc7+ Kd8 32. Rxh7 Nc6 33.
Ng5 Qd2 34. Nxe6+ Ke8 35. Rb6 Ne7 1-0

[Event "21.Wörishofen-Seniorenen op"]
[Site "Bad Wörishofen (03.03.-11.03)"]
[Date "2005.03.03"]
[Round "1.55"]
[White "Buchner, Matthias"]
[Black "Weigel, Herbert"]
[Result "0-1"]
[WhiteElo "1456"]
[BlackElo "1948"]
[PlyCount "48"]
[EventDate "2005.03.??"]
[Source "Chessorg"]
[SourceDate "2005.12.10"]

1. e4 c5 2. Nf3 d6 3. d4 cxd4 4. Qxd4 Nc6 5. Bb5 Bd7 6. Qc3 Nf6 7. Nbd2 g6 8.
O-O Bg7 9. a3 O-O 10. Qd3 Rc8 11. c3 Qc7 12. h3 a6 13. Bc4 Na5 14. Ba2 Bb5 15.
c4 Nxc4 16. Nxc4 Bxc4 17. Bxc4 Qxc4 18. Qxc4 Rxc4 19. e5 dxe5 20. Nxe5 Rc2 21.
Rb1 Rfc8 22. Re1 e6 23. Bg5 Nd5 24. Nf3 Bxb2 0-1

[Event "21.Wörishofen-Seniorenen op"]
[Site "Bad Wörishofen (03.03.-11.03)"]
[Date "2005.03.03"]
[Round "1.56"]
[White "Lange, Detlef"]
[Black "Meyts, Jozef Adolf"]
[Result "1-0"]
[WhiteElo "1635"]
[BlackElo "1200"]
[PlyCount "83"]
[EventDate "2005.03.??"]
[Source "Chessorg"]
[SourceDate "2005.12.10"]

1. e4 c5 2. Nf3 Nc6 3. d4 cxd4 4. Nxd4 e6 5. Be2 a6 6. O-O g6 7. Nxc6 bxc6 8.
Qd4 Nf6 9. c4 c5 10. Qe3 h5 11. f3 Qc7 12. e5 Bh6 13. Qc3 Bxc1 14. Rxc1 Ng8 15.
Nd2 Ne7 16. Ne4 Nf5 17. Nd6+ Ke7 18. Qd2 Nxd6 19. Qg5+ Ke8 20. exd6 Qxd6 21.
Rd1 Qe7 22. Qe5 f6 23. Qe4 d5 24. Qxg6+ Qf7 25. Qxf7+ Kxf7 26. cxd5 exd5 27.
Rxd5 Be6 28. Rxc5 h4 29. Rc7+ Kf8 30. Rac1 Rg8 31. Bc4 Bxc4 32. R1xc4 Rd8 33.
Rc8 Ke7 34. Re4+ Kd7 35. Rxd8+ Kxd8 36. Rxh4 Rg5 37. Rh7 Kc8 38. Ra7 a5 39. g4
Rc5 40. Kf2 Rc2+ 41. Kg3 Rxb2 42. Rxa5 1-0

[Event "21.Wörishofen-Seniorenen op"]
[Site "Bad Wörishofen (03.03.-11.03)"]
[Date "2005.03.03"]
[Round "1.57"]
[White "Schafroth, Georg"]
[Black "Bierbach, Utz-Friedrich"]
[Result "0-1"]
[WhiteElo "1367"]
[BlackElo "1745"]
[PlyCount "68"]
[EventDate "2005.03.??"]
[Source "Chessorg"]
[SourceDate "2005.12.10"]

1. d4 Nf6 2. c4 e6 3. Nc3 d5 4. Bg5 c6 5. e3 Nbd7 6. Bd3 dxc4 7. Bxc4 Qa5 8.
Nge2 Qxg5 9. O-O Bd6 10. h3 O-O 11. e4 e5 12. dxe5 Qxe5 13. Ng3 Nb6 14. Bb3 Bc5
15. Kh1 Be6 16. Bxe6 fxe6 17. f4 Qd4 18. Qc2 Qd7 19. Rad1 Qf7 20. Rd3 Rad8 21.
Rfd1 Rxd3 22. Rxd3 Nh5 23. Nxh5 Qxh5 24. Ne2 Be7 25. Ng3 Qa5 26. b3 Rxf4 27.
Qe2 Rf8 28. Nh5 g6 29. Ng3 Qe5 30. Nf1 Nd5 31. g3 Nf6 32. Nd2 Bb4 33. Nc4 Qxe4+
34. Qxe4 Nxe4 0-1

[Event "21.Wörishofen-Seniorenen op"]
[Site "Bad Wörishofen (03.03.-11.03)"]
[Date "2005.03.03"]
[Round "1.60"]
[White "Smits, Oswald"]
[Black "Antusch, Ingrid"]
[Result "1-0"]
[WhiteElo "1714"]
[BlackElo "1422"]
[PlyCount "89"]
[EventDate "2005.03.??"]
[Source "Chessorg"]
[SourceDate "2005.12.10"]

1. d4 f5 2. Nf3 Nf6 3. Bg5 e6 4. e3 d5 5. Nbd2 Bd6 6. c4 c6 7. cxd5 exd5 8. Bd3
O-O 9. Qc2 Qe8 10. Bxf5 Bxf5 11. Qxf5 Ne4 12. Qg4 Bb4 13. Bf4 Nd7 14. a3 Ndf6
15. Qh4 Be7 16. Qh3 Bd8 17. Be5 Qg6 18. O-O Ng4 19. Nxe4 Qxe4 20. Nd2 Qg6 21.
Bf4 Nf6 22. Qe6+ Rf7 23. Nf3 Qg4 24. Qxg4 Nxg4 25. h3 Nf6 26. Ne5 Rf8 27. Nd3
Ne4 28. f3 Nd2 29. Rf2 Nc4 30. b3 Na5 31. b4 Nc4 32. Nb2 b5 33. Nd3 Bf6 34. Re2
a5 35. Raa2 Rae8 36. Kf2 h6 37. Bg3 Rf7 38. f4 Nd6 39. Ne5 Ne4+ 40. Kf3 Bxe5
41. dxe5 Nc3 42. Rac2 Nxe2 43. Kxe2 Rc8 44. Be1 a4 45. g4 1-0

[Event "21.Wörishofen-Seniorenen op"]
[Site "Bad Wörishofen (03.03.-11.03)"]
[Date "2005.03.03"]
[Round "1.61"]
[White "Lamberger, Werner[39AUT]"]
[Black "Schurig, Wilhelm"]
[Result "0-1"]
[WhiteElo "1169"]
[BlackElo "1970"]
[PlyCount "78"]
[EventDate "2005.03.??"]
[Source "Chessorg"]
[SourceDate "2005.12.10"]

1. d4 g6 2. c4 Bg7 3. Nf3 d6 4. Nc3 Bg4 5. e4 Bxf3 6. Qxf3 Bxd4 7. Be3 c5 8.
Bxd4 cxd4 9. Nd5 e6 10. Nb4 Qa5 11. a3 Na6 12. O-O-O Nxb4 13. axb4 Qg5+ 14. Kc2
e5 15. h4 Qf6 16. Qxf6 Nxf6 17. f3 Ke7 18. g4 h5 19. g5 Nd7 20. Kd3 a6 21. Ra1
b5 22. Rh2 bxc4+ 23. Kxc4 Rab8 24. Kd3 Rxb4 25. Rxa6 Nc5+ 26. Kc2 Nxa6 27. Bxa6
Rhb8 28. Kb1 Rb3 29. Rf2 Re3 30. Rc2 Re1+ 31. Rc1 Rxc1+ 32. Kxc1 Rb3 33. Be2 f6
34. gxf6+ Kxf6 35. Kc2 Rb4 36. b3 g5 37. hxg5+ Kxg5 38. Bc4 Rxc4+ 39. bxc4 h4
0-1

[Event "21.Wörishofen-Seniorenen op"]
[Site "Bad Wörishofen (03.03.-11.03)"]
[Date "2005.03.03"]
[Round "1.62"]
[White "Wawrinsky, Ludwig"]
[Black "Gestrich, Wolfgang,Prof.Dr."]
[Result "1-0"]
[WhiteElo "1703"]
[BlackElo "1442"]
[PlyCount "39"]
[EventDate "2005.03.??"]
[Source "Chessorg"]
[SourceDate "2005.12.10"]

1. e4 e5 2. Bc4 Nf6 3. Nc3 Be7 4. d3 d6 5. f4 a6 6. fxe5 dxe5 7. Nf3 Nc6 8. O-O
Bc5+ 9. Kh1 Qe7 10. Bg5 Be6 11. Bxf6 gxf6 12. Nd5 Bxd5 13. Bxd5 Qd7 14. Nh4 Be7
15. Qh5 Rf8 16. Nf5 Bc5 17. Qxh7 Nd4 18. Ng7+ Ke7 19. Qh4 Qd6 20. c3 1-0

[Event "21.Wörishofen-Seniorenen op"]
[Site "Bad Wörishofen (03.03.-11.03)"]
[Date "2005.03.03"]
[Round "1.63"]
[White "Schielke, Klaus"]
[Black "Wolf, Alfred[34Bliestal]"]
[Result "0-1"]
[WhiteElo "1438"]
[BlackElo "1736"]
[PlyCount "72"]
[EventDate "2005.03.??"]
[Source "Chessorg"]
[SourceDate "2005.12.10"]

1. d4 d5 2. e3 Nf6 3. c4 c6 4. Nc3 Bf5 5. cxd5 cxd5 6. Bb5+ Nc6 7. Nf3 a6 8.
Be2 e6 9. O-O Bd6 10. a3 Qc7 11. Bd2 O-O 12. Rc1 b5 13. b4 Rfc8 14. h3 h6 15.
Be1 Qe7 16. Nd2 e5 17. Nb3 exd4 18. exd4 Bb8 19. Bf3 Qd6 20. g3 Bxh3 21. Bg2
Bxg2 22. Kxg2 Ne4 23. Qg4 Re8 24. Nxe4 dxe4 25. Bc3 Bc7 26. d5 Ne5 27. Bxe5
Qxe5 28. Rfd1 f5 29. Qf4 g5 30. Qd2 f4 31. Rc6 f3+ 32. Kh2 Qe7 33. Rxh6 Kg7 34.
Rh3 Rh8 35. Rxh8 Kxh8 36. Nc5 Qh7+ 0-1

[Event "21.Wörishofen-Seniorenen op"]
[Site "Bad Wörishofen (03.03.-11.03)"]
[Date "2005.03.03"]
[Round "1.64"]
[White "Huhn, Ulrich"]
[Black "Dietze, Otto"]
[Result "0-1"]
[WhiteElo "1708"]
[BlackElo "1536"]
[PlyCount "74"]
[EventDate "2005.03.??"]
[Source "Chessorg"]
[SourceDate "2005.12.10"]

1. d4 Nf6 2. Nc3 g6 3. Bg5 Bg7 4. e4 d6 5. Bc4 O-O 6. Nf3 Bg4 7. h3 Bxf3 8.
Qxf3 Nc6 9. O-O Nxd4 10. Qd3 Nc6 11. f4 Nd7 12. a3 a6 13. Rae1 Nc5 14. Qd2 Ne6
15. f5 Nxg5 16. Qxg5 Bf6 17. Qh6 Ne5 18. Bb3 c6 19. fxg6 Nxg6 20. Rf5 Bg7 21.
Qe3 e6 22. Rf3 c5 23. Kh1 b5 24. Rd1 c4 25. Ba2 Bf6 26. Rf2 Bg5 27. Qd4 Be7 28.
b3 Rc8 29. bxc4 Qc7 30. Rf3 bxc4 31. Rb1 Qc6 32. Rb6 Qa8 33. Bxc4 d5 34. Rxa6
Rxc4 35. Qb6 Qb8 36. Qe3 d4 37. Qd2 Rxc3 0-1

[Event "21.Wörishofen-Seniorenen op"]
[Site "Bad Wörishofen (03.03.-11.03)"]
[Date "2005.03.03"]
[Round "1.65"]
[White "Narr, Irmgard"]
[Black "Mittelsteiner, Horst"]
[Result "1/2-1/2"]
[WhiteElo "1449"]
[BlackElo "1614"]
[PlyCount "42"]
[EventDate "2005.03.??"]
[Source "Chessorg"]
[SourceDate "2005.12.10"]

1. e4 d5 2. exd5 Nf6 3. Nc3 Nxd5 4. Nxd5 Qxd5 5. Nf3 Bg4 6. d3 Nc6 7. Be2 O-O-O
8. Be3 e5 9. O-O f6 10. c4 Qd7 11. a3 Kb8 12. Qc2 Bf5 13. Rfd1 g5 14. b4 h5 15.
b5 Nd4 16. Nxd4 exd4 17. Bd2 Bg4 18. f3 Bf5 19. a4 Bc5 20. a5 Rde8 21. Bf1 g4
1/2-1/2

[Event "21.Wörishofen-Seniorenen op"]
[Site "Bad Wörishofen (03.03.-11.03)"]
[Date "2005.03.03"]
[Round "1.66"]
[White "Lange, Manfred,Dr[33Wzb]"]
[Black "Seitz, Heinz[39Nbg]"]
[Result "1-0"]
[WhiteElo "1943"]
[BlackElo "1457"]
[PlyCount "97"]
[EventDate "2005.03.??"]
[Source "Chessorg"]
[SourceDate "2005.12.10"]

1. e4 c5 2. Nf3 d6 3. d4 cxd4 4. Nxd4 g6 5. Nc3 a6 6. a4 e6 7. Be2 Bg7 8. O-O
Ne7 9. Nb3 O-O 10. Be3 d5 11. Bc5 Re8 12. Bxe7 Qxe7 13. exd5 Bxc3 14. bxc3 exd5
15. Bf3 Rd8 16. Bxd5 Nc6 17. c4 Qg5 18. f4 Qf5 19. Qf3 Qxc2 20. Rac1 Qb2 21.
Rb1 Qa2 22. Ra1 Qb2 23. Rf2 Qf6 24. Rd1 Be6 25. Rfd2 Bxd5 26. cxd5 Na7 27. d6
Rab8 28. Nc5 Nc6 29. Nxb7 Rxb7 30. Qxc6 Rb4 31. g3 Rbb8 32. Qxa6 Ra8 33. Qb5
Rab8 34. Qe5 Qf5 35. Qxf5 gxf5 36. Rd5 Rb6 37. a5 Ra6 38. d7 Kg7 39. Rxf5 Kg6
40. Rfd5 Kg7 41. g4 h6 42. Kf2 Kg6 43. Rd6+ Rxd6 44. Rxd6+ f6 45. f5+ Kf7 46.
a6 Ke7 47. Rd5 Kf7 48. Kf3 Ke7 49. a7 1-0

[Event "21.Wörishofen-Seniorenen op"]
[Site "Bad Wörishofen (03.03.-11.03)"]
[Date "2005.03.03"]
[Round "1.67"]
[White "Scheller, Gerhard"]
[Black "Malin, Klaus"]
[Result "1/2-1/2"]
[WhiteElo "1453"]
[BlackElo "1691"]
[PlyCount "91"]
[EventDate "2005.03.??"]
[Source "Chessorg"]
[SourceDate "2005.12.10"]

1. d4 Nf6 2. Bg5 d5 3. Bxf6 exf6 4. e3 Bd6 5. c4 dxc4 6. Bxc4 c6 7. Qb3 O-O 8.
Nc3 b5 9. Be2 Bb7 10. Nf3 Re8 11. Qc2 Nd7 12. a3 Nf8 13. O-O Ng6 14. Ne4 Rc8
15. Nxd6 Qxd6 16. Qc5 Qb8 17. Rfe1 a6 18. g3 Rcd8 19. b4 Qc8 20. Nd2 Rd5 21.
Qc2 Rdd8 22. Bf3 Ne7 23. Nb3 Ba8 24. Nc5 Nd5 25. Bg2 Nc7 26. Rad1 Ne6 27. Bh3
Bb7 28. Qa2 Rd6 29. Ne4 Rd7 30. Nc5 Rde7 31. Rc1 Qc7 32. Qc2 Nxd4 33. Qd1 Ne6
34. Bxe6 fxe6 35. Qf3 e5 36. Nxb7 e4 37. Qd1 Qxb7 38. Qc2 Re6 39. Red1 Qc7 40.
Qb3 Kf8 41. Rd2 Rd6 42. Rcd1 Red8 43. Qc2 Rxd2 44. Rxd2 Rxd2 45. Qxd2 Ke7 46.
Qd4 1/2-1/2

[Event "21.Wörishofen-Seniorenen op"]
[Site "Bad Wörishofen (03.03.-11.03)"]
[Date "2005.03.03"]
[Round "1.68"]
[White "Harke, Horst"]
[Black "Luebbers, Doris,Dr."]
[Result "1-0"]
[WhiteElo "1657"]
[BlackElo "1414"]
[PlyCount "73"]
[EventDate "2005.03.??"]
[Source "Chessorg"]
[SourceDate "2005.12.10"]

1. d4 d5 2. c4 Nf6 3. cxd5 Nxd5 4. e4 Nb6 5. Nc3 e6 6. Be3 c6 7. Nf3 N8d7 8.
Be2 Be7 9. O-O O-O 10. Rc1 Nf6 11. Bd3 h6 12. a3 Nbd7 13. Bb1 Re8 14. Qc2 Nf8
15. Rcd1 N6h7 16. d5 exd5 17. exd5 cxd5 18. Nxd5 Bd6 19. Rd4 Be6 20. b4 Rc8 21.
Qd2 Rc6 22. Be4 Qb8 23. Nf4 Ra6 24. Re1 Nf6 25. Bd3 Rb6 26. Nxe6 Nxe6 27. Rc4
Rc6 28. Rxc6 bxc6 29. Bf5 Nf8 30. Rc1 Qc7 31. g3 a6 32. Rc4 Ne6 33. Bxe6 fxe6
34. Qc2 Rc8 35. Nd4 Qf7 36. Rxc6 Rxc6 37. Qxc6 1-0

[Event "21.Wörishofen-Seniorenen op"]
[Site "Bad Wörishofen (03.03.-11.03)"]
[Date "2005.03.03"]
[Round "1.69"]
[White "Malik, Rosemarie"]
[Black "Reichwald, Klaus"]
[Result "0-1"]
[WhiteElo "1335"]
[BlackElo "1716"]
[PlyCount "72"]
[EventDate "2005.03.??"]
[Source "Chessorg"]
[SourceDate "2005.12.10"]

1. e4 d6 2. d4 Nf6 3. Nc3 g6 4. Nf3 Bg7 5. Be3 O-O 6. Be2 c6 7. a4 Nbd7 8. O-O
Qc7 9. Qd2 e5 10. Rac1 a6 11. d5 c5 12. b3 Ng4 13. Nd1 Ndf6 14. Bd3 Nxe4 15.
Bxe4 f5 16. Bxf5 Bxf5 17. h3 Nf6 18. Nc3 Rae8 19. Nh4 Bc8 20. Bh6 Nh5 21. Bxg7
Qxg7 22. Rce1 Nf4 23. Ne4 Qe7 24. Nf3 Nxh3+ 25. gxh3 Rxf3 26. Qg5 Qxg5+ 27.
Nxg5 Rf4 28. Kh2 Bf5 29. Re3 h6 30. Nf3 Rf8 31. Ne1 Bxc2 32. f3 Bf5 33. Ng2 Rd4
34. Rf2 Rxd5 35. Nh4 Rd4 36. Nxf5 Rxf5 0-1

[Event "21.Wörishofen-Seniorenen op"]
[Site "Bad Wörishofen (03.03.-11.03)"]
[Date "2005.03.03"]
[Round "1.70"]
[White "Richter, Helmut[41W'kraib]"]
[Black "Buss, Richard"]
[Result "1/2-1/2"]
[WhiteElo "1538"]
[BlackElo "1373"]
[PlyCount "81"]
[EventDate "2005.03.??"]
[Source "Chessorg"]
[SourceDate "2005.12.10"]

1. c4 e5 2. Nc3 Nf6 3. g3 c6 4. Nf3 d6 5. Bg2 Be7 6. O-O O-O 7. d3 h6 8. b4 Be6
9. a3 Nbd7 10. Bb2 Re8 11. Nd2 Rb8 12. e4 Nf8 13. h3 Ng6 14. Kh2 Qd7 15. Nf3
Nh7 16. Qe2 f5 17. exf5 Bxf5 18. Rad1 Nf6 19. Ne4 Qc7 20. Rc1 Nxe4 21. dxe4 Be6
22. Bc3 Bf6 23. Bd2 b6 24. Ne1 Qf7 25. Nc2 Bxc4 26. Qe1 Bxf1 27. Bxf1 Kh8 28.
Ne3 Rbc8 29. Bc4 Qb7 30. Qe2 b5 31. Bb3 Rf8 32. Nf5 Qd7 33. Qh5 Bg5 34. Bxg5
Rxf5 35. exf5 Qxf5 36. Qe2 Qxg5 37. Re1 Ne7 38. Bc2 Nd5 39. Qd3 g6 40. Qxg6
Qxg6 41. Bxg6 1/2-1/2

[Event "21.Wörishofen-Seniorenen op"]
[Site "Bad Wörishofen (03.03.-11.03)"]
[Date "2005.03.03"]
[Round "1.72"]
[White "Schumacher, Horst[36Holtenau]"]
[Black "Grimski, Wilfried"]
[Result "1-0"]
[WhiteElo "1723"]
[BlackElo "1257"]
[PlyCount "33"]
[EventDate "2005.03.??"]
[Source "Chessorg"]
[SourceDate "2005.12.10"]

1. d4 d5 2. e4 e6 3. Be3 Nc6 4. c3 Be7 5. Nd2 Bd7 6. e5 f6 7. f4 f5 8. Ngf3 Nh6
9. Bd3 O-O 10. h3 Qe8 11. g4 fxg4 12. hxg4 g6 13. Rxh6 Kg7 14. g5 Nd8 15. Qc2
Rh8 16. O-O-O Qf7 17. Rdh1 1-0

[Event "21.Wörishofen-Seniorenen op"]
[Site "Bad Wörishofen (03.03.-11.03)"]
[Date "2005.03.03"]
[Round "1.73"]
[White "Wolf, Margot"]
[Black "Fels, Karl-Heinz"]
[Result "0-1"]
[WhiteElo "1321"]
[BlackElo "1785"]
[PlyCount "50"]
[EventDate "2005.03.??"]
[Source "Chessorg"]
[SourceDate "2005.12.10"]

1. d4 Nf6 2. Nf3 d5 3. Bf4 e6 4. e3 c5 5. c3 Nc6 6. h3 Bd6 7. Bxd6 Qxd6 8. Bd3
h6 9. Nbd2 c4 10. Bc2 b5 11. a3 O-O 12. O-O Bb7 13. e4 dxe4 14. Nxe4 Nxe4 15.
Bxe4 f5 16. Bc2 Rad8 17. Re1 a5 18. Qe2 Rde8 19. Rad1 Qd5 20. Qf1 g5 21. Nh2 h5
22. Qe2 g4 23. hxg4 hxg4 24. g3 Nxd4 25. Qf1 Qh1# 0-1

[Event "21.Wörishofen-Seniorenen op"]
[Site "Bad Wörishofen (03.03.-11.03)"]
[Date "2005.03.03"]
[Round "1.74"]
[White "Thonig, Manfred"]
[Black "Ludwig, Egbert"]
[Result "1-0"]
[WhiteElo "1578"]
[BlackElo "1098"]
[PlyCount "51"]
[EventDate "2005.03.??"]
[Source "Chessorg"]
[SourceDate "2005.12.10"]

1. e4 e6 2. d4 d5 3. e5 c5 4. Nf3 Nc6 5. Bb5 Qb6 6. a4 a6 7. Bxc6+ bxc6 8. O-O
a5 9. b3 cxd4 10. Nxd4 c5 11. Nf3 Ne7 12. Bg5 Nc6 13. Na3 Be7 14. Qd2 Qb4 15.
Qc1 Ba6 16. Re1 c4 17. Bxe7 Nxe7 18. Rd1 Rc8 19. Nd4 cxb3 20. Nxb3 Qxa4 21. Rd4
Bc4 22. Nxc4 Qd7 23. Nd6+ Kf8 24. Nxc8 Nxc8 25. Qa3+ Kg8 26. Ra4 1-0

[Event "21.Wörishofen-Seniorenen op"]
[Site "Bad Wörishofen (03.03.-11.03)"]
[Date "2005.03.04"]
[Round "2.1"]
[White "Rueggeberg, Wilhelm"]
[Black "Packroff, Hermann"]
[Result "1/2-1/2"]
[WhiteElo "1801"]
[BlackElo "2103"]
[PlyCount "89"]
[EventDate "2005.03.??"]
[Source "Chessorg"]
[SourceDate "2005.12.10"]

1. d4 Nf6 2. Nf3 d5 3. c4 c6 4. e3 e6 5. Nc3 Nbd7 6. Bd2 Bd6 7. cxd5 exd5 8.
Bd3 O-O 9. Qc2 h6 10. O-O Re8 11. Rae1 Nf8 12. h3 Bd7 13. e4 dxe4 14. Nxe4 Nxe4
15. Bxe4 Be6 16. b3 Nd7 17. Re2 Nf6 18. Bf5 Bxf5 19. Rxe8+ Qxe8 20. Qxf5 Qe4
21. Qa5 Qd5 22. Qxd5 Nxd5 23. Re1 Rd8 24. g3 Kf8 25. Kg2 Bc7 26. Re2 Re8 27.
Kf1 Rxe2 28. Kxe2 Ke7 29. Kd3 Ke6 30. Ne1 f5 31. Ng2 b5 32. b4 Bd6 33. a3 Nb6
34. Nf4+ Bxf4 35. Bxf4 Nc4 36. Bc1 Kd5 37. f3 Nb6 38. h4 h5 39. Bd2 Ke6 40. Bc1
Nd5 41. Bd2 Kf7 42. Bc1 Nc7 43. Bf4 Ne6 44. Bd2 Ke7 45. Bf4 1/2-1/2

[Event "21.Wörishofen-Seniorenen op"]
[Site "Bad Wörishofen (03.03.-11.03)"]
[Date "2005.03.04"]
[Round "2.2"]
[White "Goy, Udo"]
[Black "Born, Bernd-Ludger,Dr."]
[Result "1-0"]
[WhiteElo "2163"]
[BlackElo "1954"]
[PlyCount "91"]
[EventDate "2005.03.??"]
[Source "Chessorg"]
[SourceDate "2005.12.10"]

1. d4 Nf6 2. Nf3 b6 3. g3 Bb7 4. Bg2 e6 5. O-O c5 6. c4 cxd4 7. Qxd4 Bc5 8. Qd3
Nc6 9. Nc3 d5 10. Bf4 Nb4 11. Qb1 dxc4 12. Rd1 Qe7 13. Ne5 Bxg2 14. Kxg2 Nfd5
15. Qe4 O-O 16. Nxc4 Nxc3 17. bxc3 Nd5 18. Bd2 Qf6 19. Qf3 Rfd8 20. e4 Qxf3+
21. Kxf3 Ne7 22. Ke2 f6 23. a4 Rd7 24. Be3 Rad8 25. Rxd7 Rxd7 26. Bxc5 bxc5 27.
Rb1 g5 28. Rb5 Rc7 29. a5 Nc8 30. Rb8 Kg7 31. Kd3 e5 32. Kc2 Kg6 33. Kb3 Rc6
34. Rb7 h5 35. h3 Kh6 36. Rd7 Kg6 37. g4 h4 38. Ne3 Nd6 39. Nf5 Nxf5 40. exf5+
Kh6 41. Rxa7 Rd6 42. Rf7 e4 43. Kc4 e3 44. fxe3 Ra6 45. Kb5 c4 46. Rh7+ 1-0

[Event "21.Wörishofen-Seniorenen op"]
[Site "Bad Wörishofen (03.03.-11.03)"]
[Date "2005.03.04"]
[Round "2.3"]
[White "Igney, Volkhard"]
[Black "Scheidt, Eugen"]
[Result "1-0"]
[WhiteElo "2178"]
[BlackElo "1738"]
[PlyCount "65"]
[EventDate "2005.03.??"]
[Source "Chessorg"]
[SourceDate "2005.12.10"]

1. d4 d5 2. c4 e6 3. Nc3 Nf6 4. Bg5 Be7 5. cxd5 exd5 6. Qc2 c6 7. e3 Be6 8. Bd3
h6 9. Bh4 Nbd7 10. Nf3 Rc8 11. O-O O-O 12. Bf5 Bxf5 13. Qxf5 g6 14. Qd3 Re8 15.
Rab1 Kg7 16. Rfc1 c5 17. Bxf6+ Nxf6 18. dxc5 Bxc5 19. Rd1 Qa5 20. Nxd5 Qxa2 21.
Nxf6 Kxf6 22. Qc3+ Ke7 23. Qg7 h5 24. Ne5 Bd6 25. Nxg6+ Ke6 26. Nh4 Be5 27.
Qh6+ Bf6 28. Qxh5 Rc7 29. Qg4+ Ke7 30. Nf5+ Kf8 31. Nh6 Bg7 32. Qb4+ Rce7 33.
Nf5 1-0

[Event "21.Wörishofen-Seniorenen op"]
[Site "Bad Wörishofen (03.03.-11.03)"]
[Date "2005.03.04"]
[Round "2.4"]
[White "Xander, Karl,Dr."]
[Black "Villing, Dieter"]
[Result "0-1"]
[WhiteElo "1886"]
[BlackElo "2163"]
[PlyCount "104"]
[EventDate "2005.03.??"]
[Source "Chessorg"]
[SourceDate "2005.12.10"]

1. e4 d6 2. d4 Nf6 3. Bd3 e5 4. c3 Nc6 5. d5 Nb8 6. Nf3 Be7 7. O-O O-O 8. h3
Nbd7 9. Be3 Re8 10. c4 Nc5 11. Bxc5 dxc5 12. Nxe5 Bd6 13. Nf3 Nxe4 14. Nc3 Nxc3
15. bxc3 Qf6 16. Qd2 h6 17. Rfe1 Bxh3 18. Rxe8+ Rxe8 19. Re1 Rxe1+ 20. Qxe1 Bd7
21. Qe4 g6 22. Qe1 a6 23. Qe3 Kg7 24. Bc2 b5 25. cxb5 axb5 26. g3 Bf5 27. Bd1
Bd7 28. Be2 Qf5 29. Qd3 Qxd3 30. Bxd3 Kf6 31. Kf1 c4 32. Bc2 Be5 33. Nd2 Ke7
34. Nb1 Kd6 35. Be4 f5 36. Bg2 g5 37. Ke2 Be8 38. Kd2 f4 39. g4 h5 40. gxh5
Bxh5 41. Be4 g4 42. Na3 Kc5 43. Nc2 g3 44. fxg3 fxg3 45. Ne1 Bf4+ 46. Kc2 Bf7
47. Ng2 Bg5 48. Kd1 b4 49. Kc2 Be8 50. Ne1 Ba4+ 51. Kb1 bxc3 52. Ng2 Bd2 0-1

[Event "21.Wörishofen-Seniorenen op"]
[Site "Bad Wörishofen (03.03.-11.03)"]
[Date "2005.03.04"]
[Round "2.5"]
[White "Neese, Hans-Joachim"]
[Black "Richter, Gerhard,Dr.[28Marb]"]
[Result "1-0"]
[WhiteElo "2100"]
[BlackElo "1757"]
[PlyCount "73"]
[EventDate "2005.03.??"]
[Source "Chessorg"]
[SourceDate "2005.12.10"]

1. d4 f5 2. c4 Nf6 3. Nc3 d6 4. g3 g6 5. Bg2 Bg7 6. f4 O-O 7. Nf3 c6 8. O-O Na6
9. Rb1 c5 10. d5 Nc7 11. Qd3 Bd7 12. b3 Rb8 13. Bb2 b5 14. Nd2 b4 15. Nd1 a5
16. Nf2 e6 17. dxe6 Bxe6 18. Rfd1 d5 19. Be5 d4 20. e3 Ne4 21. Ndxe4 fxe4 22.
Nxe4 Bxe5 23. fxe5 Bg4 24. Rd2 Ne6 25. Nf6+ Rxf6 26. exf6 Qxf6 27. Bd5 Kg7 28.
Rf1 Qe5 29. Bxe6 Qxe6 30. exd4 Bf5 31. Qf3 cxd4 32. Rxd4 Qb6 33. Qf2 h5 34. h4
Rb7 35. Kh2 Rf7 36. Rd5 Qc7 37. Qf4 1-0